Normal view
MARC view
Entry Personal Name
001 - CONTROL NUMBER
- control field: 13073
003 - CONTROL NUMBER IDENTIFIER
- control field: BD-RjUL
005 - DATE AND TIME OF LATEST TRANSACTION
- control field: 20240519180519.0
008 - FIXED-LENGTH DATA ELEMENTS
- fixed length control field: 240519|| aca||aabn | a|a d
040 ## - CATALOGING SOURCE
- Original cataloging agency: BD-RjUL
- Transcribing agency: BD-RjUL
100 ## - HEADING--PERSONAL NAME
- Personal name: Sana, Bijan Behari
670 ## - SOURCE DATA FOUND
- Source citation: Work cat.: (BD-RjUL)83776: Sana, Bijan Behari, Taxonomy and ecological aspects of aquatic insects / , 2007